000 00482nab a2200145Ia 4500
003 ES-SlBCS
005 20210601134633.0
008 140529s2004 xxu||||| |||| 00| 0 spa d
041 _aspa
100 1 _aGonzález Blanco, Antonino
_990153
245 0 0 _aThilo Ulbert, o la Antigüedad tardía como vocación arqueológica
_c Antonino González Blanco
600 1 4 _aUlbert, Thilo
_9220821
773 0 _tAntigüedad y Cristianismo
_gnº. 21, 2004, págs. 609-615
_wRev1032
942 _cAR
999 _c615644
_d615644